000 02200nam a2200397 i 4500
001 000045385
003 DO-SdBNP
005 20260316110827.0
007 ta
008 150305s2014 dr ac 000 0 spa d
020 _a9789945891485
040 _aDO-SdBNP
_bspa
_cBNPHU
_erda
041 _hspa
082 4 _a972.9302
_bM672g
_222
100 1 _aMira Caballos, Esteban,
_eautor
_4aut.
_973421
245 1 3 _aLa gran armada colonizadora de Nicolás de Ovando :
_b1501-1502 /
_cEsteban Mira Caballos ; edición e índice onomástico, Jesús R. Navarro Zerpa.
250 _aPrimera edición
264 1 _aSanto Domingo, República Dominicana :
_bAcademia Dominicana de la Historia,
_c2014.
300 _a457 páginas :
_bilustraciones ;
_c23 cm.
336 _atexto
_btxt
_2rdacontent
337 _asin mediación
_bn
_2rdamedia
338 _avolumen
_bnc
_2rdacarrier
490 0 _aAcademia Dominicana de la Historia
_v121
500 _aIncluye datos biográficos del autor en la solapa de la contracubierta.
500 _aIncluye referencias bibliográficas, notas al pie de las páginas e índice onomástico
504 _aBibliografía : páginas 407-419
505 2 _a$a Apéndice I. Listado de pasajeros y tripulantes identificados -- Apéndice II. Pasajeros muy dudosos o descartados -- Apéndice III. Noticias sobre la armada del gobernador Nicolás de Ovando, tomadas en extracto por Juan Bautista Muñoz -- Apéndice IV. Extracto del libro de armada por Fernando Belmonte y Clemente, 1886 -- Apéndice V. Enseres que se compraron para los Franciscanos , según transcripción de Fray Ángel Ortega -- Apéndice VI. Listado de contratos de trabajadores -- Apéndice VII. Registro de salida de la nao Santa Catalina, Santo Domingo, 20 de septiembre de 1505 -- Apéndice VIII. Arraigo de los pasajeros y tripulantes.
590 _aInventariado, 2025/DG
600 1 0 _aOvando, Nicolás de,
_d aproximadamente 1460-1511
_xViajes
_zLa Española
_989208
651 0 _a La Española
_989209
651 7 _a La Española
_xHistoria
_989210
651 7 _aEspaña
_xColonias
_zAmérica
_958954
700 1 _aNavarro Zerpa, Jesús R.,
_eeditor
_4ed.
_973422
910 _aDG
942 _2ddc
_cLBS1
999 _c44874
_d44874